Os 15 principais países com mortes por Covid19 - 23 de julho - Statistics

Estatísticas Gerais
  • Esse quiz foi jogado 10 vezes
  • A pontuação média é 13 de 20
Estatísticas das Respostas
país % Correto
Brasil
100%
Espanha
100%
Estados Unidos
100%
Itália
100%
Reino Unido
100%
Canadá
89%
França
78%
Índia
78%
México
78%
Rússia
78%
Alemanha
67%
Irão
67%
Peru
67%
Suécia
67%
Chile
56%
Bélgica
33%
Equador
33%
Irlanda
33%
Países Baixos
22%
Panamá
0%
Nenhum quiz correspondente encontrado
Distribuição das Pontuações
Porcentagem de Pessoas com Cada Pontuação
Percentil de Números Respondidos
Sua Pontuação Histórica
Você não jogou esse quiz